000 00575nam a2200229Ia 4500
003 OSt
005 20220918175518.0
006 a|||||r|||| 00| 0
007 ta
008 220917b |||||||| |||| 00| 0 eng d
024 _a17,692
037 _cTextual
040 _aARTS
_cARTS
_beng
041 _2eng
_aeng
082 _aQ8441v236:N3, K3.1
100 _aKhushwant Singh
_913201
245 0 _aHistory of the Sikhs
260 _c1963
650 _aRELIGION
942 _hQ8441v236:N3, K3.1
_cTEXL
_2CC
999 _c157858
_d157858